Los cachorros (Record no. 107944)
[ view plain ]
| 000 -LEADER | |
|---|---|
| campo de control de longitud fija | 00804nam a2200241 i 4500 |
| 001 - NÚMERO DE CONTROL | |
| campo de control | 107944 |
| 003 - IDENTIFICADOR DE NÚMERO DE CONTROL | |
| campo de control | ES-MaACL |
| 005 - FECHA Y HORA DE LA ÚLTIMA TRANSACCIÓN | |
| campo de control | 20250829080501.0 |
| 007 - CAMPO FIJO DE DESCRIPCIÓN FÍSICA--INFORMACIÓN GENERAL | |
| campo de control de longitud fija | t| |
| 008 - DATOS DE LONGITUD FIJA--INFORMACIÓN GENERAL | |
| campo de control de longitud fija | 070103s1970 sp ||||1| spa d |
| 080 ## - NÚMERO DE LA CLASIFICACIÓN DECIMAL UNIVERSAL | |
| Número de la Clasificación Decimal Universal | 821.134.2(85)-3"19" |
| 100 1# - ENTRADA PRINCIPAL--NOMBRE DE PERSONA | |
| Nombre de persona | Vargas Llosa, Mario, |
| Fechas asociadas al nombre | 1936-2025 |
| 9 (RLIN) | 240060 |
| 245 14 - MENCIÓN DEL TÍTULO | |
| Título | Los cachorros |
| Resto del título | ; El desafío ; Día domingo / |
| Mención de responsabilidad, etc. | Mario Vargas Llosa ; prólogo de Joaquín Marco. |
| 260 ## - PUBLICACIÓN, DISTRIBUCIÓN, ETC. | |
| Lugar de publicación, distribución, etc. | Estella (Navarra) : |
| Nombre del editor, distribuidor, etc. | Salvat, |
| Fecha de publicación, distribución, etc. | 1970. |
| 300 ## - DESCRIPCIÓN FÍSICA | |
| Extensión | 143 p. ; |
| Dimensiones | 19 cm. |
| 490 1# - MENCIÓN DE SERIE | |
| Mención de serie | Biblioteca básica Salvat de Libros RTV ; |
| Designación de volumen o secuencia | 87 |
| 700 1# - ENTRADA AGREGADA--NOMBRE PERSONAL | |
| Nombre de persona | Marco, Joaquín, |
| Fechas asociadas al nombre | 1935-2020 |
| 9 (RLIN) | 76466 |
| 740 3# - ENTRADA AGREGADA--TÍTULO RELACIONADO/ANALÍTICO NO CONTROLADO | |
| Título relacionado o analítico no controlado | El desafío. |
| 740 0# - ENTRADA AGREGADA--TÍTULO RELACIONADO/ANALÍTICO NO CONTROLADO | |
| Título relacionado o analítico no controlado | Día domingo. |
| 830 00 - PUNTO DE ACCESO ADICIONAL DE SERIE-TÍTULO UNIFORME | |
| Título uniforme | Biblioteca básica Salvat de libros RTV |
| Designación de volumen o secuencia | 87 |
| 9 (RLIN) | 185398 |
| 852 ## - LOCALIZACIÓN | |
| Ubicación | ES-MaACL |
| Número de control de estantería | E-3008 |
| Estatus retirado | Estado de pérdida | Estado de daño | No para préstamo | Biblioteca de origen | Biblioteca actual | Ubicación en estantería | Fecha de adquisición | Fuente de adquisición | Total de préstamos | Signatura topográfica completa | Código de barras | Visto por última vez | Precio de reemplazo | Tipo de ítem Koha |
|---|---|---|---|---|---|---|---|---|---|---|---|---|---|---|
| Biblioteca del Ateneo de Madrid | Biblioteca del Ateneo de Madrid | Depósito 2 | 17/01/2008 | E-3008 | 1112648 | 23/02/2023 | 23/02/2023 | Libro impreso |
